000 00598nam a2200193Ia 4500
003 GCL
008 140319s9999 xx 000 0 ara d
040 _aGCL /
_cGCL
082 0 4 _a813.081
_bا ف
100 1 _aابراهيم الدسوقى شتا
245 1 0 _aالفيروز والدم: رواية /
_cابراهيم الدسوقى شتا
260 _a[S.N] :
_bالهيئة المصرية العامة للكتاب ،
_c1995
300 _a247 ص
490 _a
650 0 4 _aالادب العربى
650 0 4 _aالقصص التاريخية
650 0 4 _aالقصص
942 _2ddc
_cBK
999 _c33371
_d33371